000 00891nam a22002657a 4500
005 20210201142600.0
008 210201s1982 cr |||fr|||| 001 0 spa d
020 _a8489401020
040 _aCENDOC CAAAP
_bspa
_cCAAAP
041 _aspa
050 _aC GN 302.AL
_b.E56
245 1 _aAmérica Latina :
_betnodesarrollo y etnocidio /
_cGuillermo Bonfil, Mario Ibarra, Stefano Varese, Domingos Verissimo, Julio Tumiri; edición Francisco Rojas Aravena
250 _a1ra ed.
260 _aSan José :
_bEdiciones FLACSO,
_c1982
300 _a318 p.,
_c18 cm.
500 _aColección 25 aniversario.
650 1 0 _965
_aEtnología
650 2 0 _9261
_aDesarrollo Social
650 2 0 _985
_aPoblación Indígena
650 2 0 _9191
_aAntropología Social y Cultural
650 2 0 _9414
_aLenguas Indias Sudamericanas
651 2 0 _973
_aAmérica Latina
942 _2lcc
_b01 - 02 - 21
_cBK
999 _c167
_d167